[Event "6th LCT GpA 2012"]
[Site "Leiden NED"]
[Date "2012.07.06"]
[Round "1.1"]
[White "Khenkin,I"]
[Black "Behrendt,C"]
[Result "1-0"]
[WhiteElo "2669"]
[BlackElo "2081"]

1.d4 Nf6 2.c4 g6 3.Nc3 d5 4.cxd5 Nxd5 5.e4 Nxc3 6.bxc3 Bg7 7.Nf3 O-O 8.Be3 b6
9.h4 c5 10.h5 Bb7 11.hxg6 hxg6 12.e5 cxd4 13.cxd4 Qd5 14.Rc1 Nc6 15.Bc4 Qa5+
16.Bd2 Qa3 17.Ng5 Nxd4 18.Rh3 Qc5 19.Bxf7+ Rxf7 20.Rxc5 bxc5 21.Qb1 Bxg2
22.Qxg6  1-0

[Event "ch-SWE 2012"]
[Site "Falun SWE"]
[Date "2012.07.07"]
[Round "1"]
[White "Cramling,P"]
[Black "Smith,Ax"]
[Result "1/2-1/2"]
[WhiteElo "2486"]
[BlackElo "2491"]

1.d4 Nf6 2.c4 g6 3.Nc3 d5 4.cxd5 Nxd5 5.e4 Nxc3 6.bxc3 Bg7 7.Be3 c5 8.Rc1 Qa5
9.Qd2 cxd4 10.cxd4 Qxd2+ 11.Bxd2 O-O 12.Nf3 e6 13.Bb5 Rd8 14.Bg5 f6 15.Be3 Nc6
16.Bxc6 bxc6 17.Rxc6 Bd7 18.Rc7 Bb5 19.Kd2 Bf8 20.Rb1 Bd6 21.Rc3 a6 22.Ne1 Rac8
23.Rxc8 Rxc8 24.Nd3 Rc4 25.Nb2 Rc7  1/2-1/2

[Event "14th Saint-Lo Festival IM"]
[Site "Saint-Lo FRA"]
[Date "2012.07.07"]
[Round "1"]
[White "Valuet,B"]
[Black "Bouget,A"]
[Result "1-0"]
[WhiteElo "2316"]
[BlackElo "2202"]

1.d4 Nf6 2.c4 g6 3.Nc3 d5 4.cxd5 Nxd5 5.e4 Nxc3 6.bxc3 Bg7 7.Be3 c5 8.Qd2 Qa5
9.Rb1 a6 10.Nf3 Nc6 11.Rc1 f5 12.dxc5 fxe4 13.Nd4 O-O 14.Bc4+ Kh8 15.Nxc6 bxc6
16.Bd4 e5 17.Be3 Bf5 18.O-O Rfd8 19.Qe2 Re8 20.Rfd1 Bf8 21.g4 Bc8 22.Bf7 Re7
23.Bb3 Re8 24.Qc4 Be7 25.Qf7 Rf8 26.Qxe7 Bxg4  1-0

[Event "Int Open ch-SVK 2012"]
[Site "Banska Stiavnica SVK"]
[Date "2012.07.09"]
[Round "3.28"]
[White "Edes,Z"]
[Black "Peitl,T"]
[Result "0-1"]
[WhiteElo "2085"]
[BlackElo "2213"]

1.d4 Nf6 2.c4 g6 3.Nc3 d5 4.cxd5 Nxd5 5.e4 Nxc3 6.bxc3 Bg7 7.Bc4 O-O 8.Be3 c5
9.Ne2 Nc6 10.O-O Qa5 11.Rb1 a6 12.dxc5 Rd8 13.Qb3 e6 14.Qb6 Qxb6 15.cxb6 Ne5
16.Rfd1 Bd7 17.Bb3 Bb5 18.Rxd8+ Rxd8 19.Rd1 Rxd1+ 20.Bxd1 Nc4 21.Bc5 Nb2
22.c4 Bxc4 23.Bb3 Bxe2  0-1

[Event "6th LCT GpA 2012"]
[Site "Leiden NED"]
[Date "2012.07.09"]
[Round "4.11"]
[White "Roorda,T"]
[Black "Van Haastert,E"]
[Result "1-0"]
[WhiteElo "2025"]
[BlackElo "2440"]

1.d4 Nf6 2.c4 g6 3.Nc3 d5 4.cxd5 Nxd5 5.e4 Nxc3 6.bxc3 Bg7 7.Bc4 O-O 8.Ne2 Nc6
9.O-O b6 10.Be3 Bb7 11.Qd2 Qd6 12.f4 Na5 13.Bd3 c5 14.f5 cxd4 15.cxd4 Rac8
16.fxg6 fxg6 17.Rxf8+ Rxf8 18.Rc1 e6 19.Bb1 Rd8 20.Kh1 Qd7 21.h4 Rc8 22.Bd3 Rxc1+
23.Qxc1 Qc6 24.Qf1 Nc4 25.Bc1 Nd6 26.Qf4 Nxe4 27.Ba3 h6 28.h5 Nc5 29.Qb8+ Bf8
30.Nf4 g5 31.Bh7+ Kg7 32.Bb2 Nd7 33.d5+ Kxh7 34.Qe8  1-0

[Event "86th ch-ARG 2012"]
[Site "La Plata ARG"]
[Date "2012.07.10"]
[Round "9.9"]
[White "Negri,Sa"]
[Black "Pierrot,Fac"]
[Result "0-1"]
[WhiteElo "2188"]
[BlackElo "2442"]

1.d4 Nf6 2.c4 g6 3.Nc3 d5 4.cxd5 Nxd5 5.e4 Nxc3 6.bxc3 Bg7 7.Bc4 c5 8.Ne2 O-O
9.O-O Nc6 10.Be3 b6 11.Qd2 Bb7 12.f4 cxd4 13.cxd4 Rc8 14.Rac1 Qd7 15.f5 Na5
16.Bd3 Rxc1 17.Rxc1 Rc8 18.g4 Rxc1+ 19.Qxc1 e6 20.fxg6 hxg6 21.g5 Nc6 22.Qc4 Ne7
23.Nc3 Bc6 24.a4 Qb7 25.Kf2 Qc7 26.Kg1 Qd6 27.Nb5 Qd7 28.Nc3 Nc8 29.Kf2 Nd6
30.Qb3 Qb7 31.Qc2 a6 32.Qb1 b5 33.axb5 axb5 34.e5 Nf5 35.Be4 b4 36.Bxc6 Qxc6
37.Ne4 b3 38.Nd2 Qc3 39.Qe4 b2 40.Nb1 Qc1 41.Nd2 Nxe3 42.Kxe3 Qe1+  0-1

[Event "87th ch-Paris IdF Open"]
[Site "Paris FRA"]
[Date "2012.07.12"]
[Round "6.16"]
[White "Payen,Ar"]
[Black "Bernard,Ch1"]
[Result "1/2-1/2"]
[WhiteElo "2351"]
[BlackElo "2290"]

1.d4 Nf6 2.c4 g6 3.Nc3 d5 4.cxd5 Nxd5 5.e4 Nxc3 6.bxc3 Bg7 7.Nf3 c5 8.Be3 O-O
9.Qd2 Qa5 10.Rb1 cxd4 11.cxd4 Qxd2+ 12.Kxd2 Nc6 13.d5 Rd8 14.Bd3 Na5 15.Ke2 f5
16.Rhc1 b6 17.Rc7 fxe4 18.Bxe4 Ba6+ 19.Ke1 Nc4 20.d6 Bc3+ 21.Nd2 Nxd2 22.Bd5+ Kg7
23.Rxc3 Nxb1 24.Bd4+ Kf8 25.Rf3+ Ke8 26.Bc6+ Rd7 27.Re3 Kd8 28.dxe7+ Rxe7
29.Bf6 Kc7 30.Bxa8 Rxe3+ 31.fxe3 Na3 32.Be5+ Kd7 33.Bb2 Nc4 34.Bd4 Nd6  1/2-1/2

[Event "14th Saint-Lo Festival IM"]
[Site "Saint-Lo FRA"]
[Date "2012.07.12"]
[Round "7"]
[White "Amoyal,P"]
[Black "Barbot,Pi1"]
[Result "0-1"]
[WhiteElo "2155"]
[BlackElo "2271"]

1.d4 Nf6 2.c4 g6 3.Nc3 d5 4.cxd5 Nxd5 5.e4 Nxc3 6.bxc3 Bg7 7.Be3 c5 8.Qd2 Qa5
9.Rc1 O-O 10.Nf3 Rd8 11.d5 e6 12.Bg5 Rd7 13.c4 Nc6 14.Qxa5 Nxa5 15.Bd2 b6
16.Be2 Ba6 17.O-O Nb7 18.Bc3 exd5 19.exd5 Re8 20.Bd3 Nd6 21.Bd2 h6 22.h4 Rdd8
23.Nh2 Ne4 24.Be3 Nc3 25.Rxc3 Bxc3 26.Bxh6 b5 27.cxb5 Rxd5 28.Bc4 Rd4 29.Bxf7+ Kxf7
30.bxa6 Re1 31.Be3 Rxf1+ 32.Kxf1 Rxh4 33.Nf3 Rc4 34.Ke2 Bf6 35.Nd2 Rc2 36.Kd3 Rxa2
37.Bxc5 Rxa6 38.Ne4 Be7 39.Be3 Ra3+ 40.Kc4 Ke6 41.Nc3 a6 42.Bc1 Ra1 43.Be3 Kf5
44.Nd5 Bg5 45.Bd4 Rg1 46.g3 Rc1+ 47.Kd3 Rd1+ 48.Kc4 Rb1 49.Nb4 a5 50.Nd5 Kg4
51.Kd3 Kf3 52.Nc3 Rb3 53.Kc4 Rb4+ 54.Kd3 Rxd4+  0-1

[Event "2nd Polugaevsky Mem"]
[Site "Samara RUS"]
[Date "2012.07.12"]
[Round "8.23"]
[White "Sviridova,Vlada"]
[Black "Duzhakov,I"]
[Result "1-0"]
[WhiteElo "2115"]
[BlackElo "2342"]

1.d4 Nf6 2.c4 g6 3.Nc3 d5 4.cxd5 Nxd5 5.e4 Nxc3 6.bxc3 Bg7 7.Bc4 c5 8.Ne2 Nc6
9.Be3 O-O 10.O-O Bd7 11.Qd2 Qc7 12.Rac1 Rfd8 13.Rfd1 Be8 14.Qe1 e5 15.Bd5 Rac8
16.f3 Na5 17.Bg5 Rd7 18.dxe5 Bxe5 19.f4 Bg7 20.c4 a6 21.Qh4 b5 22.Rd3 Nxc4
23.Rh3 h5 24.f5 Rxd5 25.exd5 Qe5 26.f6 Qxe2 27.fxg7 Bd7 28.Rf3 Qxa2 29.Qf4 Bf5
30.d6 Nb6 31.Bf6 Kh7 32.Qg5 Qe6 33.Rcf1 Bg4 34.Rg3 Nd7 35.h3 Bf5 36.Bb2 f6
37.Qd2 Rg8 38.Re1 Qc4 39.Re7 Rxg7 40.Rge3 g5 41.Rxg7+ Kxg7 42.Rf3 Kg6 43.Qf2 Qe4
44.Re3 Qd4 45.Qe1 Qxd6 46.Rf3 Qe6 47.Qd2 b4 48.h4 g4 49.Re3 Qb6 50.Re7 c4+
51.Bd4 Qd8 52.Bxf6 Qxe7 53.Qg5+ Kf7 54.Bxe7 b3 55.Qxf5+ Kxe7 56.Qe4+ Kd6
57.Qd4+ Kc6 58.Qxc4+ Nc5 59.Qb4 Kd5 60.Kf1 a5 61.Qxa5 Kc4 62.Ke2 b2 63.Qa2+ Kc3
64.Ke3 Nb3 65.Qb1 Nc1 66.g3 Nb3 67.Qd3+ Kb4 68.Kf4 Nc1 69.Qc2 Ne2+ 70.Kg5 Ka3
71.Qxe2 b1=Q 72.Qa6+  1-0

[Event "Minsk Open 2012"]
[Site "Minsk BLR"]
[Date "2012.07.13"]
[Round "4.6"]
[White "Ivanov,MM"]
[Black "Khalifman,A"]
[Result "0-1"]
[WhiteElo "2403"]
[BlackElo "2642"]

1.d4 Nf6 2.c4 g6 3.Nc3 d5 4.cxd5 Nxd5 5.e4 Nxc3 6.bxc3 Bg7 7.Nf3 c5 8.Bb5+ Nc6
9.O-O O-O 10.Be3 Bg4 11.Bxc6 bxc6 12.Rc1 Qa5 13.Qe2 Rfd8 14.Rfd1 Bxf3 15.gxf3 cxd4
16.cxd4 Bxd4 17.Bxd4 Rxd4 18.Rxd4 Qg5+ 19.Kf1 Qxc1+ 20.Qd1 Qc5 21.Qd2 Rb8
22.Kg2 a5 23.h4 Rb1 24.Rd7 Kg7 25.Qg5 Qxg5+ 26.hxg5 Rb5 27.f4 e5 28.Kf3 exf4
29.Kxf4 Rb2 30.f3 Rxa2 31.Ra7 a4 32.Ra6 a3 33.Rxc6 Ra1 34.Rc7 a2 35.Ra7 h6
36.gxh6+ Kxh6 37.Ra6 f6 38.Ra8 g5+ 39.Kf5 Rf1 40.Rxa2 Rxf3+ 41.Ke6 g4 42.e5 Kg5
43.Ra8 fxe5 44.Kxe5 Re3+ 45.Kd4 Re7 46.Kd3 g3 47.Ra4 g2 48.Ra8 Re6 49.Kd4  0-1

[Event "5th Int ch-Central Serbia 2012"]
[Site "Paracin SRB"]
[Date "2012.07.13"]
[Round "9.24"]
[White "Banovic,I"]
[Black "Chandra,Akshat"]
[Result "0-1"]
[WhiteElo "2072"]
[BlackElo "2179"]

1.d4 Nf6 2.c4 g6 3.Nc3 d5 4.cxd5 Nxd5 5.e4 Nxc3 6.bxc3 Bg7 7.Bc4 c5 8.Ne2 O-O
9.O-O Nc6 10.Be3 Bg4 11.f3 Bd7 12.Rb1 Rc8 13.Bd3 Qc7 14.Qd2 e5 15.Rfc1 Rfd8
16.Qb2 cxd4 17.cxd4 exd4 18.Bxd4 Bxd4+ 19.Nxd4 Qf4 20.Nxc6 Bxc6 21.Qe2 Rc7
22.Rc2 Rcd7 23.g3 Qe5 24.Bc4 Rd4 25.Rbb2 Qa5 26.Bb3 a6 27.Rc1 Qg5 28.Rd1 Rxd1+
29.Bxd1 Qc1  0-1

[Event "27th Gniota Memorial"]
[Site "Police POL"]
[Date "2012.07.13"]
[Round "3.2"]
[White "Chojnacki,K"]
[Black "Shishkin,Va UKR"]
[Result "0-1"]
[WhiteElo "2441"]
[BlackElo "2485"]

1.d4 Nf6 2.c4 g6 3.Nc3 d5 4.cxd5 Nxd5 5.e4 Nxc3 6.bxc3 Bg7 7.Bc4 c5 8.Ne2 Nc6
9.Be3 O-O 10.O-O Na5 11.Bd3 b6 12.Qd2 Bb7 13.Bh6 e6 14.Bxg7 Kxg7 15.Rad1 Rc8
16.f4 f5 17.d5 fxe4 18.Bxe4 Nc4 19.Qc1 exd5 20.Ng3 Rc7 21.f5 Rcf7 22.Qf4 Qe7
23.Bxd5 Bxd5 24.Rxd5 Qe3+ 25.Kh1 Qxf4 26.Rxf4 Ne3 27.Rd6 Nxf5 28.Nxf5+ Rxf5
29.Rxf5 Rxf5 30.Kg1 Rf6 31.Rd8 Rf7 32.Rd6 Kf8 33.Re6 Rf4 34.Re2 Kf7 35.Re3 Ra4
36.Re2 Ra3 37.Rc2 Ke6 38.Kf2 Kd5 39.Ke3 Kc4 40.Kd2 b5 41.h4 h5 42.g3 a6  0-1

[Event "6th Varna Open"]
[Site "Varna BUL"]
[Date "2012.07.13"]
[Round "3.1"]
[White "Cheparinov,I"]
[Black "Georgiev,B"]
[Result "1-0"]
[WhiteElo "2677"]
[BlackElo "2258"]

1.d4 Nf6 2.c4 g6 3.Nc3 d5 4.cxd5 Nxd5 5.e4 Nxc3 6.bxc3 Bg7 7.Bc4 c5 8.Ne2 O-O
9.O-O Nc6 10.Be3 Na5 11.Bd3 e6 12.Rc1 Qe7 13.Qd2 b6 14.h4 e5 15.Bg5 f6 16.Bh6 Be6
17.Bxg7 Kxg7 18.f4 Nc4 19.Qe1 Nd6 20.h5 Bg4 21.Ng3 Rad8 22.hxg6 hxg6 23.Be2 exf4
24.Rxf4 Bd7 25.Qf2 Nf7 26.Rf1 Ng5 27.Qe3 Bc8 28.R1f2 cxd4 29.cxd4 Ne6 30.Nf5+ gxf5
31.exf5 Rf7 32.fxe6 Qxe6 33.Qg3+ Kh8 34.Rh4+ Rh7 35.Rxh7+ Kxh7 36.Rf4 Qe7  1-0

[Event "6th LCT GpA 2012"]
[Site "Leiden NED"]
[Date "2012.07.14"]
[Round "8.5"]
[White "Vorobiov,E"]
[Black "Zakhartsov,Vl"]
[Result "1-0"]
[WhiteElo "2586"]
[BlackElo "2271"]

1.d4 Nf6 2.c4 g6 3.Nc3 d5 4.cxd5 Nxd5 5.e4 Nxc3 6.bxc3 Bg7 7.Qa4+ Nd7 8.Nf3 O-O
9.Bg5 c5 10.Rc1 Qc7 11.Bd3 e6 12.O-O b6 13.d5 exd5 14.exd5 c4 15.Bxc4 Nc5
16.Qd1 Ne4 17.Bb3 Bg4 18.Bh4 Nxc3 19.d6 Qd7 20.Qd3 Bf5 21.Qe3 Rac8 22.Be7 Qb5
23.Bxf8 Ne2+ 24.Kh1 Nxc1 25.Bxf7+ Kh8 26.Bxg7+ Kxg7 27.Rxc1 Rxc1+ 28.Qxc1 Kxf7
29.Qc7+ Kg8 30.Qb8+ Kg7 31.Qxa7+ Kh6 32.Qe7 Qf1+ 33.Ng1 Qd1 34.f3 Qd4 35.h3 Qa4
36.Ne2 Qxa2 37.Qf8+ Kh5 38.g4+ Bxg4 39.hxg4+ Kg5 40.Qf4+  1-0

[Event "Int Open ch-SVK 2012"]
[Site "Banska Stiavnica SVK"]
[Date "2012.07.15"]
[Round "9.28"]
[White "Edes,Z"]
[Black "Kukel,I jr"]
[Result "0-1"]
[WhiteElo "2085"]
[BlackElo "2291"]

1.d4 Nf6 2.c4 g6 3.Nc3 d5 4.cxd5 Nxd5 5.e4 Nxc3 6.bxc3 Bg7 7.Qa4+ c6 8.Nf3 O-O
9.Qa3 b5 10.Bg5 Re8 11.Be2 a5 12.O-O Qb6 13.Bxe7 Qb7 14.Bd6 Rxe4 15.Bd3 Re6
16.Bf4 b4 17.cxb4 axb4 18.Qc1 Ra3 19.Bc4 Rc3 20.Bxe6 Rxc1 21.Bxf7+ Qxf7 22.Bxc1 Bg4
23.Rb1 Bxf3 24.gxf3 Na6 25.Be3 Qxf3 26.Rfc1 Bf8  0-1

[Event "16th Battle of Senta Open A"]
[Site "Senta SRB"]
[Date "2012.07.15"]
[Round "3.10"]
[White "Andrejic,V"]
[Black "Zivkovic,Sava"]
[Result "0-1"]
[WhiteElo "2182"]
[BlackElo "2340"]

1.d4 Nf6 2.c4 g6 3.Nc3 d5 4.cxd5 Nxd5 5.e4 Nxc3 6.bxc3 Bg7 7.Nf3 c5 8.Rb1 O-O
9.Be2 cxd4 10.cxd4 Qa5+ 11.Bd2 Qxa2 12.O-O Nd7 13.Re1 Nb6 14.Ra1 Qe6 15.Qb1 Bd7
16.Ba5 Rfc8 17.Ra2 Na4 18.d5 Qd6 19.Qxb7 Nc5 20.Qb1 Rab8 21.Qc2 Nb3 22.Qd1 Rc1
23.Qxc1 Nxc1 24.Rxc1 Qf4 25.Nd2 Bd4 26.Bf3 Bb6 27.Bxb6 Rxb6 28.Rxa7 Qxd2
29.Rd1 Qc2 30.Rxd7 Rb1 31.g3 Rxd1+ 32.Bxd1 Qxd1+ 33.Kg2 Kf8 34.Rd8+ Kg7 35.Re8 Kf6
36.e5+ Kxe5 37.Rxe7+ Kd6 38.Re3 g5 39.h3 h5 40.Ra3 Qxd5+ 41.Kg1 f5 42.Ra6+ Ke5
43.Ra3 f4 44.Kh2 Qd2 45.Kg2 Qd5+ 46.Kh2 f3 47.Re3+ Kf5 48.Re1 Qd2 49.Rf1 Ke4
50.Kg1 Kd3 51.Rb1 Ke2 52.Ra1 Qe1+  0-1

[Event "ch-PHI Grand Final 2012"]
[Site "Boracay PHI"]
[Date "2012.07.18"]
[Round "6.6"]
[White "Sadorra,J"]
[Black "Laylo,D"]
[Result "1-0"]
[WhiteElo "2525"]
[BlackElo "2489"]

1.d4 Nf6 2.c4 g6 3.Nc3 d5 4.cxd5 Nxd5 5.e4 Nxc3 6.bxc3 Bg7 7.Be3 c5 8.Qd2 Qa5
9.Nf3 Nc6 10.Rc1 cxd4 11.cxd4 Qxd2+ 12.Kxd2 O-O 13.Bb5 Rd8 14.Bxc6 bxc6 15.Rc5 f5
16.e5 Be6 17.Rxc6 Bd5 18.Rc5 Bxa2 19.Rc7 a5 20.Bg5 a4 21.Ra1 Bb3 22.Bxe7 Rdc8
23.Rc5 Kf7 24.Bd6 Bh6+ 25.Kc3 Ke6 26.Kb4 Kd7 27.h4 Rc6 28.h5 gxh5 29.Ka3 Bf4
30.Rh1 Raa6 31.g3 Bh6 32.Re1 Ra8 33.Nh4 Bd2 34.Rb1 Rac8 35.Nxf5 Ke6 36.d5+ Bxd5
37.Nd4+ Kd7 38.Rxd5 Bc1+ 39.Ka2 Rc2+ 40.Nxc2  1-0

[Event "5th Paleochora Open"]
[Site "Paleochora GRE"]
[Date "2012.07.18"]
[Round "4.4"]
[White "Maiorov,N1"]
[Black "Sivuk,V"]
[Result "0-1"]
[WhiteElo "2574"]
[BlackElo "2467"]

1.d4 Nf6 2.c4 g6 3.Nc3 d5 4.cxd5 Nxd5 5.e4 Nxc3 6.bxc3 Bg7 7.Bc4 c5 8.Ne2 O-O
9.O-O Nc6 10.Be3 Qc7 11.Rc1 b6 12.Qd2 Bb7 13.Bh6 Rad8 14.Bxg7 Kxg7 15.Qe3 e5
16.Bd5 Na5 17.Bxb7 Qxb7 18.f4 Nc4 19.Qd3 Nd6 20.Ng3 exf4 21.Rxf4 f6 22.Rcf1 Qe7
23.h4 Qe6 24.h5 cxd4 25.cxd4 Rde8 26.h6+ Kg8 27.Nh5 Nxe4 28.Ng7 Qd5 29.Nxe8 Rxe8
30.Rc1 g5 31.Rff1 Re7 32.Rfe1 Kf7 33.Re2 g4 34.Rce1 f5 35.Rb1 Kg6 36.Qe3 Rc7
37.Rd1 Qd6 38.d5 Rc4 39.g3 Rc5 40.Qf4 Qxf4 41.gxf4 Nc3 42.Re6+ Kf7 43.Rd4 Nxd5
44.Re2 Kg6 45.Re6+ Kh5 46.Re5 Rc1+ 47.Kf2 Rc2+ 48.Ke1 Nc3 49.Rxf5+ Kh4 50.Re5 g3
51.f5+ Kg5 52.Kf1 Rf2+ 53.Kg1 Ne2+ 54.Rxe2 Rxe2 55.Rd7 Rxa2 56.Rxh7 Kxf5
57.Rg7 Rh2 58.Rxa7 Rxh6 59.Kg2 Rg6 60.Ra3 Ke4 61.Rb3 Kd4 62.Rb1 Kc3 63.Rb5 Kc4
64.Rb1 b5 65.Rc1+ Kd5 66.Rb1 Kc5 67.Rc1+ Kb6 68.Rb1 Rg5 69.Rb2 Kc5 70.Rb1 b4  0-1

[Event "5th Paleochora Open"]
[Site "Paleochora GRE"]
[Date "2012.07.18"]
[Round "4.11"]
[White "Girya,O"]
[Black "Zinchenko,Ya"]
[Result "1/2-1/2"]
[WhiteElo "2414"]
[BlackElo "2544"]

1.d4 Nf6 2.c4 g6 3.Nc3 d5 4.cxd5 Nxd5 5.e4 Nxc3 6.bxc3 Bg7 7.Nf3 c5 8.Be3 Qa5
9.Bd2 O-O 10.Be2 Nd7 11.O-O Nf6 12.Qc2 Qc7 13.d5 e5 14.c4 Bg4 15.h3 Bxf3
16.Bxf3 Ne8 17.a4 Nd6 18.Rab1 f5 19.Rfe1 Qe7 20.Re2 h5 21.exf5 gxf5 22.Bf4 e4
23.Bxh5 Be5 24.Qc1 Kh7 25.Bxe5 Qxe5 26.Qg5 Qf6 27.Qxf6 Rxf6 28.f3 Kh6 29.g4 exf3
30.Re6 Rf8 31.Rf1 fxg4 32.Bxg4 Kg5 33.Rxf3 Rxf3 34.Bxf3 Rxf3  1/2-1/2

[Event "23rd Czech Open Rapid"]
[Site "Pardubice CZE"]
[Date "2012.07.18"]
[Round "3.11"]
[White "Biolek,R1"]
[Black "Lalic,B"]
[Result "0-1"]
[WhiteElo "2404"]
[BlackElo "2495"]

1.d4 Nf6 2.c4 g6 3.Nc3 d5 4.cxd5 Nxd5 5.e4 Nxc3 6.bxc3 Bg7 7.Be3 c5 8.Rc1 O-O
9.Nf3 Qa5 10.Qd2 cxd4 11.cxd4 Qxd2+ 12.Nxd2 e6 13.Bb5 Bd7 14.Bxd7 Nxd7 15.Ke2 Rfc8
16.Nc4 Rc6 17.Na5 Ra6 18.Nxb7 Rxa2+ 19.Kf3 e5 20.d5 f5 21.Nd6 f4 22.Bc5 Rb8
23.Rc3 Nxc5 24.Rxc5 Bf8 25.Rc8 Rxc8 26.Nxc8 Rc2 27.Nxa7 Bc5 28.Nc6 Rxf2+
29.Kg4 Rxg2+ 30.Kh3 Re2 31.Nxe5 Rxe4 32.Nf3 Re3 33.Kg2 Rd3 34.Rc1 Rxd5 35.Rc4 g5
36.h4 g4 37.Rxf4 gxf3+ 38.Kxf3 Be7 39.Re4 Kf7 40.Kg4 h5+ 41.Kf3 Bf6 42.Rf4 Kg6
43.Ra4 Rb5 44.Rc4 Rb3+ 45.Kg2 Kf5 46.Rc5+ Be5 47.Rc8 Rg3+ 48.Kf2 Rh3 49.Rc4 Bf4
50.Rc5+ Kg4 51.Kg2 Rh2+ 52.Kg1 Rxh4 53.Rc3 Kf5 54.Kg2 Rh2+ 55.Kg1 Ra2 56.Rh3 Kg4
57.Rb3 h4 58.Kh1 Re2 59.Kg1 h3 60.Rb1 Kg3 61.Kf1 Rc2 62.Rb3+ Kg4 63.Rb7 h2
64.Rg7+ Kf3 65.Rg3+ Kxg3  0-1

[Event "5th Paleochora Open"]
[Site "Paleochora GRE"]
[Date "2012.07.20"]
[Round "6.3"]
[White "Kuljasevic,D"]
[Black "Sivuk,V"]
[Result "1/2-1/2"]
[WhiteElo "2564"]
[BlackElo "2467"]

1.d4 Nf6 2.c4 g6 3.Nc3 d5 4.cxd5 Nxd5 5.e4 Nxc3 6.bxc3 Bg7 7.Be3 c5 8.Rc1 O-O
9.Qd2 Qa5 10.Nf3 Bg4 11.Ng5 cxd4 12.cxd4 Qxd2+ 13.Kxd2 Nc6 14.h3 Bd7 15.d5 Na5
16.Bd3 h6 17.Nf3 e6 18.Bc5 Rfc8 19.Bb4 b6 20.d6 e5 21.Ba6 Rxc1 22.Rxc1 Rd8
23.Ke2 Be6 24.Rc7 Bf8 25.Nxe5 Bxd6 26.Bxd6 Rxd6 27.a3 Rd4 28.Bd3 Ra4 29.Rxa7 Rxa3
30.f4 Ra2+ 31.Kf3 Nc4 32.Rxa2 Nxe5+ 33.fxe5 Bxa2 34.Ke3 Kf8 35.Kd4 Ke7 36.h4 Be6
37.Bb5 Bd7 38.Bc4 b5 39.Bd5 Be8  1/2-1/2

[Event "23rd Czech Open A"]
[Site "Pardubice CZE"]
[Date "2012.07.20"]
[Round "1.24"]
[White "Kigel,D"]
[Black "Petr,Ma"]
[Result "0-1"]
[WhiteElo "2276"]
[BlackElo "2525"]

1.d4 Nf6 2.c4 g6 3.Nc3 d5 4.cxd5 Nxd5 5.e4 Nxc3 6.bxc3 Bg7 7.Nf3 c5 8.Rb1 O-O
9.Be2 Nc6 10.d5 Ne5 11.Nxe5 Bxe5 12.Qd2 e6 13.f4 Bc7 14.O-O exd5 15.exd5 Ba5
16.Ba3 b6 17.Rbd1 Qd6 18.Qc1 Re8 19.Bb5 Re7 20.Bc6 Rb8 21.Rfe1 Rxe1+ 22.Rxe1 Bd7
23.Bxd7 Qxd7 24.Rd1 Re8 25.Qd2 Re4 26.d6 Rd4 27.cxd4 Bxd2 28.Rxd2 Qxd6 29.d5 Qxf4
30.Bc1 Qe3+ 31.Kf1 Qc3 32.Rd1 Qc2 33.Ke1 Qxg2 34.d6 Qg1+ 35.Ke2 Qxh2+ 36.Kf1 Qh3+
37.Kf2 Qf5+ 38.Ke2 Qd7 39.Bh6 f6 40.Bf4 Kf7  0-1

[Event "23rd Czech Open A"]
[Site "Pardubice CZE"]
[Date "2012.07.20"]
[Round "1.27"]
[White "Zilka,S"]
[Black "Lokander,M"]
[Result "1-0"]
[WhiteElo "2517"]
[BlackElo "2271"]

1.d4 Nf6 2.c4 g6 3.Nc3 d5 4.cxd5 Nxd5 5.e4 Nxc3 6.bxc3 Bg7 7.Bc4 O-O 8.Ne2 Nc6
9.O-O e5 10.Be3 Qe7 11.Qc2 Na5 12.Bd3 exd4 13.cxd4 c5 14.Nc3 cxd4 15.Nd5 Qd8
16.Bf4 Nc6 17.Bc7 Qe8 18.Bd6 Be6 19.Bxf8 Qxf8 20.Nc7 Nb4 21.Qe2 Rc8 22.Nxe6 fxe6
23.Rab1 Rc3 24.Bc4 d3 25.Bxe6+ Kh8 26.Qd2 a5 27.Bb3 Qc8 28.e5 Bxe5 29.Rfe1 Bf6
30.Qf4 Kg7 31.h4 Rc5 32.Rbd1 Rf5 33.Qd6 Bxh4 34.g3 Qd8 35.Qxd8 Bxd8 36.a3 Nc6
37.Rxd3 Bb6 38.Re2 Ne5 39.Rd6 Ba7 40.Kg2 Ng4 41.Rd7+ Kh6 42.f4 Ne3+ 43.Kf3 g5
44.Rxe3 Bxe3 45.Bc2 Rc5 46.Rxh7+  1-0

[Event "23rd Czech Open A"]
[Site "Pardubice CZE"]
[Date "2012.07.20"]
[Round "1.48"]
[White "Gergel,V"]
[Black "Bernasek,J"]
[Result "0-1"]
[WhiteElo "2245"]
[BlackElo "2487"]

1.d4 Nf6 2.c4 g6 3.Nc3 d5 4.cxd5 Nxd5 5.e4 Nxc3 6.bxc3 Bg7 7.Qa4+ Nd7 8.Qa3 O-O
9.Bg5 c5 10.Rd1 h6 11.Bh4 g5 12.Bg3 cxd4 13.cxd4 Nf6 14.f3 Nh5 15.Bf2 Bd7
16.g4 Nf4 17.Ne2 Ng6 18.Ng3 Rc8 19.Nh5 Qb6 20.Nxg7 Kxg7 21.d5 Qc7 22.Bd3 Ne5
23.Be2 Qd6 24.Qb2 b6 25.O-O f6 26.Rc1 Rh8 27.Bg3 Rc5 28.Kg2 Rhc8 29.Rxc5 Rxc5
30.f4 gxf4 31.Bxf4 Qc7 32.Rf2 Be8 33.Bf3 Bg6 34.Kh1 Rc3 35.Kg2 Rxf3 36.Rxf3 Bxe4
37.Bxe5 fxe5 38.Kg3 Bxf3 39.Kxf3 Qd6 40.Qd2 e6 41.Ke4 a5 42.Qd3 Kf6 43.Qf1+ Kg6
44.Qb5 exd5+ 45.Kf3 e4+ 46.Kg2 Qf6 47.Kg1 Qd4+ 48.Kg2 Qd2+ 49.Kg1 Qe3+ 50.Kg2 Qf3+
51.Kg1 Qxg4+ 52.Kh1 Qf3+ 53.Kg1 Qe3+ 54.Kg2 Qg5+  0-1

[Event "Turkish Bank Chess League 2012"]
[Site "Konya TUR"]
[Date "2012.07.21"]
[Round "12"]
[White "Laciner,K"]
[Black "Citak,S"]
[Result "1/2-1/2"]
[WhiteElo "2297"]
[BlackElo "2357"]

1.d4 Nf6 2.c4 g6 3.Nc3 d5 4.cxd5 Nxd5 5.e4 Nxc3 6.bxc3 Bg7 7.Bc4 c5 8.Ne2 O-O
9.O-O Nc6 10.Be3 Qc7 11.Rc1 Rd8 12.Bf4 Be5 13.Bxe5 Nxe5 14.Bb3 Ng4 15.Ng3 Qf4
16.h3 Ne5 17.Bd5 Nc6 18.Bxc6 bxc6 19.Qa4 cxd4 20.cxd4 Be6 21.Rfd1 h5 22.Rc3 h4
23.Rf3 Qb8 24.Ne2 Qb2 25.Nc3 a5 26.d5 cxd5 27.exd5 Bf5 28.Qxh4 Rdc8 29.Qg3 Ra7
30.Re1 Rac7 31.Ree3 Qc2 32.Kh2 e6 33.dxe6 Bxe6 34.Re2 Qc1 35.Ree3 Rc6 36.Qe5 Qb2
37.a4 Qb8 38.Qxb8 Rxb8 39.Re5 Ra8 40.Ne4 Bf5 41.g4 Bxe4 42.Rxe4 Ra7 43.Rb3 Rc5
44.Kg3 Kg7 45.f3 g5 46.Rd4 Rac7 47.h4 Rc3 48.Rxc3 gxh4+ 49.Kxh4 Rxc3 50.f4 Rb3
51.f5 Rb4 52.Rd6 Rxa4 53.Kg5 f6+ 54.Kh5 Rf4 55.Ra6 a4 56.Ra7+ Kg8 57.Ra5 Kf7
58.Ra7+ Kg8 59.Kg6 Rxg4+ 60.Kxf6 Rf4 61.Ra8+ Kh7 62.Ke6 Kg7 63.Ra7+ Kf8  1/2-1/2

[Event "5th Paleochora Open"]
[Site "Paleochora GRE"]
[Date "2012.07.21"]
[Round "7.5"]
[White "Rychagov,A"]
[Black "Videnova,I"]
[Result "1-0"]
[WhiteElo "2517"]
[BlackElo "2328"]

1.d4 Nf6 2.c4 g6 3.Nc3 d5 4.cxd5 Nxd5 5.e4 Nxc3 6.bxc3 Bg7 7.Qa4+ Nd7 8.Nf3 O-O
9.Bg5 c5 10.Rc1 Qc7 11.Bd3 e6 12.O-O b6 13.Be7 Re8 14.Bh4 Bb7 15.Bg3 Bc6
16.Qb3 Qc8 17.Nd2 Bf8 18.Qb2 Nf6 19.Rfe1 Nh5 20.Bh4 Qd7 21.Nf3 f6 22.Rcd1 Qb7
23.Nd2 g5 24.Bg3 Rad8 25.Nf1 Kh8 26.Bb5 cxd4 27.Bxc6 Qxc6 28.cxd4 Qa4 29.Rd3 Qb4
30.Qa1 Rd7 31.Ne3 Bg7 32.Nc2 Qa4 33.Qb2 Nxg3 34.hxg3 Rc8 35.Rc3 Rdc7 36.Rxc7 Rxc7
37.Ne3 f5 38.exf5 Bxd4 39.Qe2 e5 40.f6 Qc6 41.Ng4 Rf7 42.Rd1 Rxf6 43.Rxd4 exd4
44.Qe5 Kg7 45.Qe7+ Rf7 46.Qxf7+ Kxf7 47.Ne5+ Ke6 48.Nxc6 d3 49.Kf1 a5 50.Ke1 Kd5
51.Na7 Kc4 52.Kd2  1-0

[Event "ACP Golden Classic"]
[Site "Amsterdam NED"]
[Date "2012.07.22"]
[Round "7"]
[White "Le Quang Liem"]
[Black "Sutovsky,E"]
[Result "1/2-1/2"]
[WhiteElo "2693"]
[BlackElo "2687"]

1.d4 Nf6 2.c4 g6 3.Nc3 d5 4.cxd5 Nxd5 5.e4 Nxc3 6.bxc3 Bg7 7.Bc4 c5 8.Ne2 Nc6
9.Be3 O-O 10.O-O Bg4 11.f3 Na5 12.Bxf7+ Rxf7 13.fxg4 Rxf1+ 14.Kxf1 Qd6 15.Kg1 Qe6
16.Qd3 Qc4 17.Qxc4+ Nxc4 18.Bf2 cxd4 19.cxd4 e5 20.d5 b5 21.h4 Bf8 22.Rc1 Ba3
23.Rc2 Nd6 24.Ng3 a5 25.Rc6 a4 26.Kf1 b4 27.Bc5 b3 28.Bxa3 bxa2 29.Bb2 Rb8
30.Bxe5 a3 31.Ne2 Rb2 32.Rc1 Nc4 33.Bc3 Rb1 34.Ba1 Nb2 35.e5 Kf7 36.d6 Ke6
37.Nf4+ Kxe5 38.Ke2 Kxd6 39.Re1 Kc5 40.Kd2 Kb4 41.Nd5+ Kb3 42.Ne3 Nd3 43.Rf1 Nb4
44.Rd1 Rb2+ 45.Ke1 Rb1 46.Ke2 Rb2+ 47.Kf3 Rb1 48.Ke2 Rb2+ 49.Rd2 Rb1 50.Rd4 Rb2+
51.Rd2  1/2-1/2

[Event "27th Avoine Open"]
[Site "Avoine FRA"]
[Date "2012.07.22"]
[Round "2.40"]
[White "Maleki,N"]
[Black "El Fakkak,R"]
[Result "1-0"]
[WhiteElo "2117"]
[BlackElo "1913"]

1.d4 Nf6 2.c4 g6 3.Nc3 d5 4.cxd5 Nxd5 5.e4 Nxc3 6.bxc3 Bg7 7.Be3 c5 8.Qd2 O-O
9.Nf3 Qa5 10.Rc1 Bg4 11.Ng5 Nc6 12.h3 Bd7 13.Nf3 Rfd8 14.d5 Bc8 15.Bd3 Nb8
16.Bh6 Bh8 17.h4 e6 18.h5 exd5 19.hxg6 hxg6 20.Bg5 dxe4 21.Rxh8+ Kxh8 22.Bf6+ Kh7
23.Qg5 Bg4 24.Qxg4 Rd5 25.Ng5+  1-0

[Event "ch-PHI Grand Final 2012"]
[Site "Boracay PHI"]
[Date "2012.07.22"]
[Round "10.4"]
[White "Sadorra,J"]
[Black "Gomez,Joh"]
[Result "0-1"]
[WhiteElo "2525"]
[BlackElo "2539"]

1.d4 Nf6 2.c4 g6 3.Nc3 d5 4.cxd5 Nxd5 5.e4 Nxc3 6.bxc3 Bg7 7.Be3 c5 8.Qd2 cxd4
9.cxd4 Nc6 10.Rd1 O-O 11.Nf3 Bg4 12.Be2 Qa5 13.O-O Rfd8 14.Qxa5 Nxa5 15.h3 Bxf3
16.Bxf3 Rac8 17.d5 b6 18.Bg5 Bf6 19.Bxf6 exf6 20.Bg4 Rc2 21.Rc1 Rxa2 22.Rc7 Nb3
23.f4 h5 24.Bf3 a5 25.e5 Rd2 26.f5 fxe5 27.fxg6 fxg6 28.Rc6 Kh7 29.Be4 Rg8
30.Rf7+ Kh6 31.Rff6 h4 32.Rxb6 Nd4 33.Kh2 Kg5 34.Ra6 Nf5 35.Rfe6 Ng3 36.Bf3 e4
37.Rxe4 Nxe4 38.Bxe4 Rd4 39.Bc2 Rc8 40.Bxg6 Rc1 41.Bf7 Rdd1 42.Rg6+ Kf5 43.g4+ hxg3+
44.Rxg3 Rc2+ 45.Rg2 Rxg2+ 46.Kxg2 a4 47.h4 a3  0-1